[Event "Lugo Teu Xacobeo"]
[Site "Lugo"]
[Date "2021.06.21"]
[Round "5"]
[White "Tello Nunez, Alejandro"]
[Black "Starostits, Ilmars"]
[Result "1-0"]
[WhiteElo "2296"]
[BlackElo "2457"]
[PlyCount "79"]
[EventDate "2021.06.18"]
[EventType "tourn"]
[EventRounds "9"]
[EventCountry "ESP"]
[EventCategory "3"]
[SourceTitle "CBM 203 Extra"]
[Source "ChessBase"]
[SourceDate "2021.09.30"]
[SourceVersion "1"]
[SourceVersionDate "2021.09.30"]
[SourceQuality "1"]

1. Nf3 d5 2. g3 Nf6 3. Bg2 g6 4. c4 c6 5. d4 Bg7 6. cxd5 cxd5 7. Nc3 0-0 8. Ne5 e6 9. 0-0 Nfd7 10. Nf3 Nc6 11. Bf4 Nb6 12. b3 a6 13. Qd2 Qe7 14. Bh6 Bd7 15. e4 dxe4 16. Bxg7 Kxg7 17. Nxe4 Rfd8 18. h4 Be8 19. h5 gxh5 20. Rfe1 Nd5 21. Re2 Rac8 22. Rae1 Ncb4 23. Nc5 Rd6 24. Nh4 Qf8 25. a3 Nc6 26. Nxb7 Rd7 27. Nc5 Rd6 28. Nxa6 Kh8 29. Nc5 Qg7 30. Nf5 Qf8 31. Nxd6 Qxd6 32. Nxe6 Bd7 33. Ng5 Kg7 34. Ne4 Qg6 35. Nc5 Bg4 36. Bxd5 Bxe2 37. Bxc6 Rxc6 38. Qxe2 h4 39. Qe5+ f6 40. Qe7+ 1-0

[Event "Lugo Teu Xacobeo"]
[Site "Lugo"]
[Date "2021.06.19"]
[Round "2"]
[White "Radeva, Viktoria"]
[Black "Tello Nunez, Alejandro"]
[Result "1-0"]
[WhiteElo "2335"]
[BlackElo "2296"]
[PlyCount "59"]
[EventDate "2021.06.18"]
[EventType "tourn"]
[EventRounds "9"]
[EventCountry "ESP"]
[EventCategory "3"]
[SourceTitle "CBM 203 Extra"]
[Source "ChessBase"]
[SourceDate "2021.09.30"]
[SourceVersion "1"]
[SourceVersionDate "2021.09.30"]
[SourceQuality "1"]

1. e4 c5 2. Nf3 Nc6 3. d4 cxd4 4. Nxd4 Qb6 5. Nb3 Nf6 6. Nc3 e6 7. Be3 Qc7 8. a3 a6 9. Be2 b5 10. 0-0 d6 11. f4 Be7 12. Qe1 Bb7 13. Qg3 b4 14. axb4 Nxb4 15. Bd3 h5 16. Na5 d5 17. Nxb7 Qxb7 18. exd5 h4 19. Qf3 exd5 20. Rfe1 0-0 21. Bd4 Rfe8 22. Re2 Qd7 23. Rae1 Nc6 24. Bxf6 Bxf6 25. Nxd5 Bxb2 26. c3 Rxe2 27. Qxe2 Qd6 28. Qe8+ Rxe8 29. Rxe8+ Qf8 30. Bh7+ 1-0

[Event "ESP-chT CECLUB Div2"]
[Site "Linares"]
[Date "2016.08.20"]
[Round "6"]
[White "Tello Nunez, Alejandro"]
[Black "Buendia Pinar, Alvaro"]
[Result "1/2-1/2"]
[WhiteElo "2278"]
[BlackElo "2298"]
[PlyCount "80"]
[EventDate "2016.08.16"]
[EventType "team"]
[EventRounds "6"]
[EventCountry "ESP"]
[SourceTitle "CBM 174 Extra"]
[Source "ChessBase"]
[SourceDate "2016.10.10"]
[SourceVersion "1"]
[SourceVersionDate "2016.10.10"]
[SourceQuality "1"]
[WhiteTeam "Circulo Mercantil de Castellon"]
[BlackTeam "Excalibur"]
[WhiteTeamCountry "ESP"]
[BlackTeamCountry "ESP"]

1. Nf3 Nf6 2. c4 e6 3. g3 d5 4. Bg2 Be7 5. 0-0 0-0 6. d4 dxc4 7. Ne5 Nc6 8. Nxc6 bxc6 9. Na3 Bxa3 10. bxa3 Nd5 11. Qa4 Nb6 12. Qxc6 Rb8 13. Bf4 Bb7 14. Qxc7 Bxg2 15. Kxg2 Qxd4 16. Qe5 Qxe5 17. Bxe5 Rbc8 18. Rfd1 Rfd8 19. Rxd8+ Rxd8 20. Rc1 Rd2 21. Bb8 Rd7 22. a4 a5 23. Rb1 Nxa4 24. Bc7 h6 25. Bxa5 Ra7 26. Rb8+ Kh7 27. Bb4 Rc7 28. Ba3 Nc3 29. Rb2 Ra7 30. Bb4 Nxa2 31. Bc5 Ra5 32. Bb6 Ra4 33. Rc2 c3 34. Bc5 e5 35. e4 Rc4 36. Bd6 Nb4 37. Bxb4 Rxb4 38. Kf3 Rb3 39. Ke3 Kg6 40. Kd3 Rb1 1/2-1/2

[Event "ESP-chT CECLUB Div2"]
[Site "Linares"]
[Date "2016.08.17"]
[Round "2"]
[White "Tello Nunez, Alejandro"]
[Black "Garcia Padron, Jose"]
[Result "1/2-1/2"]
[WhiteElo "2278"]
[BlackElo "2411"]
[PlyCount "128"]
[EventDate "2016.08.16"]
[EventType "team"]
[EventRounds "6"]
[EventCountry "ESP"]
[SourceTitle "CBM 174 Extra"]
[Source "ChessBase"]
[SourceDate "2016.10.10"]
[SourceVersion "1"]
[SourceVersionDate "2016.10.10"]
[SourceQuality "1"]
[WhiteTeam "Circulo Mercantil de Castellon"]
[BlackTeam "Centro Goya Villa de Teror"]
[WhiteTeamCountry "ESP"]
[BlackTeamCountry "ESP"]

1. Nf3 Nf6 2. c4 e6 3. g3 b6 4. Bg2 Bb7 5. 0-0 c5 6. Nc3 d6 7. d4 cxd4 8. Qxd4 Be7 9. Rd1 a6 10. b3 Nbd7 11. e4 0-0 12. Ba3 Nc5 13. e5 dxe5 14. Qxd8 Rfxd8 15. Nxe5 Bxg2 16. Kxg2 Rdc8 17. Na4 Rab8 18. f4 Kf8 19. Bxc5 Bxc5 20. Nxc5 bxc5 21. Rd6 a5 22. Rad1 a4 23. bxa4 Ra8 24. Rb1 Ne8 25. Rd2 Rc7 26. Nd7+ Ke7 27. Nb6 Ra6 28. f5 Nd6 29. fxe6 Rxb6 30. Rxb6 Nxc4 31. Rbb2 Nxb2 32. Rxb2 Kxe6 33. a5 Kd5 34. a6 Kc6 35. Kf3 Ra7 36. Rb7 Rxa6 37. Rxf7 Ra3+ 38. Ke4 Rxa2 39. h4 Ra4+ 40. Kf3 c4 41. Rxg7 c3 42. Ke2 Rd4 43. Rg8 Kc5 44. g4 Kb4 45. Rg7 c2 46. Rb7+ Kc3 47. Rc7+ Kb2 48. Rb7+ Kc1 49. Rxh7 Rxg4 50. h5 Re4+ 51. Kd3 Rh4 52. Ke2 Rb4 53. Rc7 Rb6 54. Kf3 Kd2 55. Kf4 Rb5 56. Kg4 Kd3 57. Rxc2 Kxc2 58. h6 Kd3 59. h7 Rb8 60. Kf5 Kd4 61. Kf6 Ke4 62. Kg7 Kf5 63. h8Q Rxh8 64. Kxh8 Ke4 1/2-1/2

[Event "Benidorm op U2300 14th"]
[Site "Benidorm"]
[Date "2015.12.01"]
[Round "4"]
[White "Tello Nunez, Alejandro"]
[Black "Gomez Dieguez, David"]
[Result "0-1"]
[WhiteElo "2295"]
[BlackElo "2179"]
[PlyCount "42"]
[EventDate "2015.11.28"]
[EventType "swiss"]
[EventRounds "10"]
[EventCountry "ESP"]
[SourceTitle "CBM 169 Extra"]
[Source "ChessBase"]
[SourceDate "2015.12.18"]
[SourceVersion "1"]
[SourceVersionDate "2015.12.18"]
[SourceQuality "1"]

1. Nf3 Nf6 2. c4 c5 3. d4 cxd4 4. Nxd4 e5 5. Nb5 d5 6. cxd5 Bc5 7. N5c3 0-0 8. g3 e4 9. Bg2 Re8 10. e3 Bf5 11. a3 a6 12. h3 h6 13. Nd2 Nbd7 14. g4 Bg6 15. h4 Nb6 16. g5 hxg5 17. hxg5 Nfxd5 18. Ndxe4 Nxc3 19. Qxd8 Raxd8 20. Nxc3 Nc4 21. b4 Bd4 0-1

[Event "Valencia Autonomico Norte-A"]
[Site "Valencia"]
[Date "2009.01.10"]
[Round "1.2"]
[White "Rubio Tent, Francisco"]
[Black "Tello Nunez, Alejandro"]
[Result "0-1"]
[WhiteElo "1904"]
[BlackElo "2274"]
[PlyCount "74"]
[EventDate "2009.01.10"]
[EventType "team-tourn"]
[EventRounds "5"]
[EventCountry "ESP"]
[SourceTitle "EXT 2011"]
[Source "ChessBase"]
[SourceDate "2010.11.26"]
[SourceVersion "1"]
[SourceVersionDate "2010.11.26"]
[SourceQuality "1"]

1. e4 g6 2. d4 Bg7 3. Nc3 c5 4. Nf3 cxd4 5. Nxd4 Nc6 6. Nb3 Nf6 7. Be2 0-0 8. 0-0 d6 9. Re1 a5 10. Bb5 Be6 11. Bg5 h6 12. Bh4 Nd7 13. Bxc6 bxc6 14. Nd4 Qb6 15. Nb3 a4 16. Bxe7 axb3 17. axb3 Rxa1 18. Qxa1 Bd4 19. Re2 Re8 20. Bxd6 Bg4 21. Rd2 Nf6 22. Bg3 Bxc3 23. bxc3 Nxe4 24. Rd3 Nxg3 25. Rxg3 Re2 26. Qf1 Qc5 27. h3 Qe7 28. Kh2 Bf5 29. Qc1 Rxf2 30. Qxh6 Rf1 31. Qd2 Qe5 32. Qd8+ Kg7 33. Qd4 Qxd4 34. cxd4 Bxc2 35. Rc3 Be4 36. g4 g5 37. Kg3 Bd5 0-1

[Event "Benidorm op U2300 07th"]
[Site "Benidorm"]
[Date "2008.12.04"]
[Round "6"]
[White "Tello Nunez, Alejandro"]
[Black "Acebal Muniz, Antonio"]
[Result "1-0"]
[WhiteElo "2263"]
[BlackElo "2148"]
[PlyCount "53"]
[EventDate "2008.11.29"]
[EventType "swiss"]
[EventRounds "9"]
[EventCountry "ESP"]
[SourceTitle "CBM 127 Extra"]
[Source "ChessBase"]
[SourceDate "2009.01.08"]
[SourceVersion "2"]
[SourceVersionDate "2009.01.28"]
[SourceQuality "1"]

1. d4 d5 2. c4 e6 3. Nc3 Nf6 4. Nf3 Be7 5. Bf4 0-0 6. e3 c5 7. dxc5 Bxc5 8. Qc2 Qa5 9. 0-0-0 Nc6 10. a3 a6 11. Na4 Be7 12. b4 Qd8 13. c5 Nd7 14. g4 Re8 15. h4 Bf8 16. Ng5 Nf6 17. Bd3 g6 18. h5 e5 19. hxg6 fxg6 20. Bxg6 Re7 21. Bxh7+ Nxh7 22. Rxh7 exf4 23. Qg6+ Rg7 24. Rxg7+ Bxg7 25. Qf7+ Kh8 26. Rh1+ Bh6 27. Qh7# 1-0

[Event "Lorca Narciso Yepes op"]
[Site "Lorca"]
[Date "2007.06.27"]
[Round "6"]
[White "Tello Nunez, Alejandro"]
[Black "Plaskett, H James"]
[Result "0-1"]
[WhiteElo "2204"]
[BlackElo "2499"]
[PlyCount "92"]
[EventDate "2007.06.25"]
[EventType "swiss"]
[EventRounds "9"]
[EventCountry "ESP"]
[SourceTitle "CBM 119 Extra"]
[Source "ChessBase"]
[SourceDate "2007.09.04"]
[SourceVersion "1"]
[SourceVersionDate "2007.09.04"]
[SourceQuality "1"]

1. e4 c5 2. Nf3 e6 3. d4 cxd4 4. Nxd4 Nc6 5. Nc3 Qc7 6. g3 d6 7. Bg2 a6 8. 0-0 Bd7 9. Nb3 Nf6 10. Qe2 Be7 11. a4 b6 12. Be3 0-0 13. g4 Bc8 14. g5 Nd7 15. f4 Re8 16. Rf3 Bb7 17. Rh3 g6 18. Qg4 Bf8 19. Qh4 h6 20. gxh6 Nb4 21. h7+ Kh8 22. Qf2 Bg7 23. Rd1 Rad8 24. Nd4 e5 25. Nf3 exf4 26. Bxf4 Nf6 27. Ng5 Re7 28. e5 Ng4 29. exd6 Nxf2 30. dxc7 Nxh3+ 31. Nxh3 Rxd1+ 32. Nxd1 Bc8 33. Bd6 Re1+ 34. Kf2 Nxc2 35. Nc3 Bd4+ 36. Kg3 Re3+ 37. Kf4 Bxc3 38. bxc3 f6 39. Ng5 fxg5+ 40. Kxg5 Kxh7 41. Bf4 Re8 42. Bc6 Re7 43. Bf3 Ne1 44. Bd5 Nd3 45. Bg3 Kg7 46. Bc4 Ne5 0-1

[Event "ESP-ch U16"]
[Site "Mondariz"]
[Date "2003.07.16"]
[Round "4.13"]
[White "Tello Nunez, Alejandro"]
[Black "Espineira Gonzalez, Pablo D"]
[Result "1-0"]
[WhiteElo "2175"]
[BlackElo "2058"]
[PlyCount "99"]
[EventDate "2003.07.15"]
[EventType "swiss"]
[EventRounds "8"]
[EventCountry "ESP"]
[SourceTitle "CBM 095 Extra"]
[Source "ChessBase"]
[SourceDate "2003.09.04"]
[SourceVersion "1"]
[SourceVersionDate "2003.09.04"]
[SourceQuality "1"]

1. c4 e5 2. g3 Nf6 3. Bg2 Nc6 4. Nc3 g6 5. Nf3 d6 6. 0-0 Be6 7. d4 exd4 8. Nxd4 Nxd4 9. Qxd4 Bg7 10. Bxb7 0-0 11. Bxa8 Qxa8 12. Qh4 Re8 13. Bh6 Bh8 14. Bg5 Nd7 15. Ne4 Bf5 16. Nf6+ Bxf6 17. Bxf6 Nxf6 18. Qxf6 Rxe2 19. Rfe1 Bh3 20. f3 Rg2+ 21. Kh1 Rf2 22. Re3 Bg2+ 23. Kg1 Rxf3 24. Rxf3 Qxf3 25. Qxf3 Bxf3 26. Re1 Kf8 27. Re3 Bb7 28. Rb3 Bc6 29. Ra3 Ke7 30. Rxa7 Kd7 31. b4 Kc8 32. Kf2 h6 33. Ke3 Kb8 34. Ra3 Bd7 35. Rc3 Be6 36. a4 Kb7 37. Kd4 Kb6 38. c5+ dxc5+ 39. Rxc5 f6 40. a5+ Kb7 41. Rc1 Bh3 42. Rc2 h5 43. Rf2 f5 44. Ke5 Ka6 45. Rc2 Kb7 46. Kf6 f4 47. gxf4 Bf5 48. Rg2 Be4 49. Rxg6 Bf3 50. Rg5 1-0

[Event "Autonomico-chT"]
[Site "Aragon"]
[Date "2003.??.??"]
[Round "?"]
[White "Torres Garrigos, David"]
[Black "Tello Nunez, Alejandro"]
[Result "0-1"]
[WhiteElo "2253"]
[BlackElo "2187"]
[PlyCount "96"]
[EventDate "2003.??.??"]
[EventType "team"]
[EventRounds "9"]
[EventCountry "ESP"]
[SourceTitle "EXT 2007"]
[Source "ChessBase"]
[SourceDate "2006.11.23"]
[SourceVersion "1"]
[SourceVersionDate "2006.11.23"]
[SourceQuality "1"]

1. d4 g6 2. Nf3 Nf6 3. c4 Bg7 4. Nc3 0-0 5. Bg5 c5 6. e3 cxd4 7. exd4 d5 8. Bxf6 Bxf6 9. Nxd5 Bg7 10. Ne3 Nc6 11. Qd2 Nxd4 12. Nxd4 Qxd4 13. 0-0-0 Qc5 14. Kb1 Be6 15. Be2 a5 16. Bf3 a4 17. Bd5 a3 18. b3 Qc7 19. Nc2 Qe5 20. Qd4 Qc7 21. Qe3 Bf5 22. f4 e5 23. fxe5 Rae8 24. e6 Bxe6 25. Rhe1 Qxh2 26. Qe4 Qg3 27. Re3 Qg5 28. Qf3 Bf5 29. Bxf7+ Kh8 30. Rxe8 Rxe8 31. Bxe8 Qf6 32. Kc1 Qb2+ 33. Kd2 Bxc2 34. Ke1 Bxd1 35. Qxd1 Qxg2 36. Qe2 Bc3+ 37. Kd1 Qg1+ 38. Kc2 Qa1 39. Kd3 Bf6 40. Qe6 Qb1+ 41. Ke2 Qxa2+ 42. Kf1 Qa1+ 43. Kg2 a2 44. Bxg6 Qb2+ 45. Kf3 Qc3+ 46. Kg2 hxg6 47. Qe8+ Kh7 48. Qf7+ Bg7 0-1

[Event "EU-ch U16"]
[Site "Peniscola"]
[Date "2002.10.02"]
[Round "4"]
[White "Tello Nunez, Alejandro"]
[Black "Kuznetsov, Viktor2222"]
[Result "1-0"]
[WhiteElo "2137"]
[BlackElo "2320"]
[PlyCount "59"]
[EventDate "2002.09.29"]
[EventType "swiss"]
[EventRounds "9"]
[EventCountry "ESP"]
[SourceTitle "CBM 090 Extra"]
[Source "ChessBase"]
[SourceDate "2002.11.07"]
[SourceVersion "1"]
[SourceVersionDate "2002.11.07"]
[SourceQuality "1"]

1. e4 c5 2. Nf3 Nc6 3. d4 cxd4 4. Nxd4 e6 5. Nc3 Qc7 6. g3 Nf6 7. Bg2 a6 8. 0-0 Be7 9. Re1 d6 10. Nxc6 bxc6 11. Na4 0-0 12. c4 Bb7 13. Bf4 Nd7 14. c5 Ne5 15. Qb3 Rad8 16. Red1 Bc8 17. Qb6 Qxb6 18. Nxb6 g5 19. cxd6 Bf6 20. Bxe5 Bxe5 21. Nc4 Bg7 22. e5 Bd7 23. b4 Rb8 24. a3 Rb5 25. Rab1 Rfb8 26. Na5 R5b6 27. Rbc1 Rd8 28. Bxc6 Bxe5 29. Bxd7 Rxd7 30. Nc4 1-0

[Event "EU-ch U16"]
[Site "Peniscola"]
[Date "2002.09.30"]
[Round "2"]
[White "Tello Nunez, Alejandro"]
[Black "Polivanov, Anatoliy"]
[Result "0-1"]
[WhiteElo "2137"]
[BlackElo "2349"]
[PlyCount "60"]
[EventDate "2002.09.29"]
[EventType "swiss"]
[EventRounds "9"]
[EventCountry "ESP"]
[SourceTitle "CBM 090 Extra"]
[Source "ChessBase"]
[SourceDate "2002.11.07"]
[SourceVersion "1"]
[SourceVersionDate "2002.11.07"]
[SourceQuality "1"]

1. d4 Nf6 2. Nf3 g6 3. Nc3 d5 4. Bf4 Bg7 5. e3 0-0 6. Be2 Nbd7 7. Ne5 c6 8. h4 Nxe5 9. Bxe5 Qa5 10. Qd2 h5 11. f3 c5 12. 0-0-0 Be6 13. g4 b5 14. b3 Rac8 15. Kb1 b4 16. Na4 c4 17. Rdg1 Bd7 18. Nc5 Rxc5 19. dxc5 Ne4 20. fxe4 Bxe5 21. gxh5 Bc3 22. Qd1 Rc8 23. hxg6 Rxc5 24. a4 Bxa4 25. gxf7+ Kxf7 26. Bh5+ Ke6 27. Rg6+ Kd7 28. Qg4+ Kc7 29. Qf4+ Kb7 30. Qf7 Bd7 0-1

[Event "Padron op"]
[Site "Padron"]
[Date "2002.08.25"]
[Round "4"]
[White "Piankov, Evgenij"]
[Black "Tello Nunez, Alejandro"]
[Result "0-1"]
[WhiteElo "2341"]
[BlackElo "2137"]
[PlyCount "96"]
[EventDate "2002.08.22"]
[EventType "swiss"]
[EventRounds "9"]
[EventCountry "ESP"]
[SourceTitle "CBM 089 Extra"]
[Source "ChessBase"]
[SourceDate "2002.09.10"]
[SourceVersion "2"]
[SourceVersionDate "2002.09.10"]
[SourceQuality "1"]

1. d4 Nf6 2. Nf3 g6 3. Bg5 Bg7 4. Nbd2 0-0 5. e4 d6 6. Bd3 Nbd7 7. 0-0 e5 8. c3 h6 9. Bh4 g5 10. dxe5 Nxe5 11. Nxe5 dxe5 12. Nf3 gxh4 13. Nxe5 Qe7 14. f4 Nd7 15. Nxd7 Bxd7 16. Qh5 Rad8 17. Rae1 Bg4 18. Qxg4 Rxd3 19. Re2 Kh8 20. e5 f5 21. exf6 Qxf6 22. Re6 Qf5 23. Qxf5 Rxf5 24. Re7 Rd2 25. Rxc7 Rxb2 26. Rf2 Rb1+ 27. Rf1 Rxf1+ 28. Kxf1 Rxf4+ 29. Ke2 Ra4 30. Rxb7 Bxc3 31. Kf3 Bg7 32. h3 Rxa2 33. Rb4 a5 34. Rxh4 a4 35. g4 Kg8 36. Rh5 a3 37. Ra5 Ra1 38. h4 a2 39. Kg2 Kf7 40. Ra6 Bf6 41. g5 hxg5 42. hxg5 Bxg5 43. Kh2 Ke7 44. Kg2 Kd7 45. Kh2 Be3 46. Ra3 Kc6 47. Rc3+ Kb5 48. Ra3 Bg1+ 0-1

[Event "Escuela Valenciana Cerrado 7th"]
[Site "Manises"]
[Date "2002.01.05"]
[Round "5.4"]
[White "Tello Nunez, Alejandro"]
[Black "Pallardo Lozoya, Jose Vicente"]
[Result "1-0"]
[WhiteElo "2134"]
[BlackElo "2173"]
[PlyCount "53"]
[EventDate "2002.01.02"]
[EventType "tourn"]
[EventRounds "9"]
[EventCountry "ESP"]
[SourceTitle "CBM 086 Extra"]
[Source "ChessBase"]
[SourceDate "2002.03.14"]
[SourceVersion "1"]
[SourceVersionDate "2002.03.14"]
[SourceQuality "1"]

1. e4 e6 2. d4 d5 3. Nd2 Nf6 4. e5 Nfd7 5. Bd3 c5 6. c3 Nc6 7. Ne2 Qb6 8. Nf3 cxd4 9. cxd4 f6 10. exf6 Nxf6 11. 0-0 Bd6 12. Re1 0-0 13. Nf4 Ne4 14. Bxe4 Bxf4 15. Bc2 Bd7 16. Qd3 g6 17. a3 Ne7 18. Qb3 Qc7 19. Ne5 Nc6 20. Bxf4 Rxf4 21. Qg3 Rxd4 22. Bxg6 Nxe5 23. Bxh7+ Kf8 24. Rxe5 Rc8 25. Rae1 Qb6 26. Qg5 Kf7 27. Rf5+ 1-0

[Event "Escuela Valenciana Cerrado 7th"]
[Site "Manises"]
[Date "2002.01.05"]
[Round "6.3"]
[White "Vassallo Barroche, Mauricio"]
[Black "Tello Nunez, Alejandro"]
[Result "1-0"]
[WhiteElo "2440"]
[BlackElo "2134"]
[PlyCount "71"]
[EventDate "2002.01.02"]
[EventType "tourn"]
[EventRounds "9"]
[EventCountry "ESP"]
[SourceTitle "CBM 086 Extra"]
[Source "ChessBase"]
[SourceDate "2002.03.14"]
[SourceVersion "1"]
[SourceVersionDate "2002.03.14"]
[SourceQuality "1"]

1. d4 Nf6 2. Nf3 g6 3. g3 Bg7 4. Bg2 0-0 5. 0-0 d6 6. b3 c5 7. Bb2 Nbd7 8. c4 Rb8 9. Nbd2 b6 10. e4 Bb7 11. Qc2 cxd4 12. Nxd4 a6 13. Rad1 Qc7 14. Rfe1 e6 15. Qb1 Rbc8 16. N4f3 Rfe8 17. e5 dxe5 18. Nxe5 Bxg2 19. Kxg2 Nxe5 20. Bxe5 Qc5 21. Bxf6 Bxf6 22. Ne4 Qc6 23. Rd6 Qb7 24. Rxb6 Qxb6 25. Nxf6+ Kg7 26. Nxe8+ Rxe8 27. Qb2+ Kg8 28. Qf6 Qd6 29. Qf3 Rd8 30. h4 h5 31. Re3 a5 32. Rc3 Qa3 33. c5 Qxa2 34. c6 Qd2 35. c7 Rc8 36. Rd3 1-0

[Event "Escuela Valenciana Cerrado 7th"]
[Site "Manises"]
[Date "2002.01.04"]
[Round "4.2"]
[White "Hernandez Montalvo, Ivan"]
[Black "Tello Nunez, Alejandro"]
[Result "0-1"]
[WhiteElo "2269"]
[BlackElo "2134"]
[PlyCount "110"]
[EventDate "2002.01.02"]
[EventType "tourn"]
[EventRounds "9"]
[EventCountry "ESP"]
[SourceTitle "CBM 086 Extra"]
[Source "ChessBase"]
[SourceDate "2002.03.14"]
[SourceVersion "1"]
[SourceVersionDate "2002.03.14"]
[SourceQuality "1"]

1. Nf3 Nf6 2. c4 g6 3. Nc3 Bg7 4. e4 d6 5. d4 0-0 6. h3 e5 7. d5 Nh5 8. Nd2 Qe8 9. g3 f5 10. Be2 Nf6 11. g4 Nxe4 12. Ndxe4 fxe4 13. Nxe4 Nd7 14. g5 Nc5 15. Nxc5 dxc5 16. Be3 b6 17. Bg4 e4 18. Qd2 Qe5 19. 0-0-0 Bxg4 20. hxg4 Rad8 21. Qc2 Rf7 22. Rhe1 Bf8 23. Kb1 Bg7 24. Bc1 Rdf8 25. Re2 Qd6 26. Rf1 Bd4 27. Qxe4 Bxf2 28. Qe6 Kg7 29. Qxd6 cxd6 30. Kc2 Bg3 31. Rxf7+ Rxf7 32. Re6 Be5 33. Re8 Rf2+ 34. Kb3 Rf1 35. Bd2 Rb1 36. Bc3 Bxc3 37. Kxc3 Rc1+ 38. Kd3 Rg1 39. Re7+ Kg8 40. Rxa7 Rg3+ 41. Kc2 Rxg4 42. Kc3 Rxg5 43. Rd7 h5 44. Rxd6 h4 45. Re6 Kf7 46. Re1 h3 47. d6 Rh5 48. d7 Rh8 49. Kd3 h2 50. Ke4 Ke7 51. Kf4+ Kxd7 52. Rh1 Rh5 53. Kg3 Ke6 54. Rxh2 Rxh2 55. Kxh2 Ke5 0-1

[Event "Escuela Valenciana Cerrado 7th"]
[Site "Manises"]
[Date "2002.01.02"]
[Round "1.5"]
[White "Llobel Cortell, Enrique"]
[Black "Tello Nunez, Alejandro"]
[Result "1-0"]
[WhiteElo "2377"]
[BlackElo "2134"]
[PlyCount "88"]
[EventDate "2002.01.02"]
[EventType "tourn"]
[EventRounds "9"]
[EventCountry "ESP"]
[SourceTitle "CBM 086 Extra"]
[Source "ChessBase"]
[SourceDate "2002.03.14"]
[SourceVersion "1"]
[SourceVersionDate "2002.03.14"]
[SourceQuality "1"]

1. e4 e6 2. d4 d5 3. Nd2 Nf6 4. e5 Nfd7 5. f4 c5 6. c3 Nc6 7. Ndf3 Qb6 8. a3 a5 9. Ne2 Be7 10. f5 Nf8 11. Nf4 cxd4 12. cxd4 f6 13. g3 fxe5 14. dxe5 Qc7 15. fxe6 Nxe5 16. Bb5+ Nc6 17. Qxd5 Ng6 18. Nxg6 hxg6 19. Bd3 0-0 20. Bxg6 Rxf3 21. Qxf3 Bxe6 22. Qh5 Qe5+ 23. Qxe5 Nxe5 24. Be4 Bc5 25. Bf4 Ng4 26. 0-0-0 Nf2 27. Bxb7 Re8 28. Rhe1 Nxd1 29. Rxe6 Rd8 30. Re5 Nf2 31. Bd5+ Kh7 32. Be4+ Nxe4 33. Rxe4 Bd4 34. Bc7 Rd7 35. Bxa5 Bf6 36. Bc3 Rc7 37. Kd2 Rd7+ 38. Kc2 Rc7 39. a4 Rc5 40. Kb3 Bd8 41. Rd4 Rc8 42. Rd7 Kh6 43. Bxg7+ Kg5 44. Bc3 Kg4 1-0

[Event "Cullera op 23rd"]
[Site "Valencia"]
[Date "2002.??.??"]
[Round "9"]
[White "Buenafe Moya, Javier"]
[Black "Tello Nunez, Alejandro"]
[Result "0-1"]
[WhiteElo "2261"]
[BlackElo "2137"]
[PlyCount "57"]
[EventDate "2002.07.18"]
[EventType "swiss"]
[EventRounds "9"]
[EventCountry "ESP"]
[SourceTitle "CBM 089 Extra"]
[Source "ChessBase"]
[SourceDate "2002.09.10"]
[SourceVersion "2"]
[SourceVersionDate "2002.09.10"]
[SourceQuality "1"]

1. e4 c6 2. c4 d5 3. exd5 Nf6 4. d4 cxd5 5. Nc3 g6 6. Nf3 Bg7 7. Be2 0-0 8. 0-0 Nc6 9. h3 b6 10. Qa4 Bb7 11. Rd1 e6 12. Bg5 Ne7 13. Ne5 Qe8 14. c5 bxc5 15. Bb5 Qd8 16. dxc5 a6 17. Be2 Qc7 18. Nd3 e5 19. Qa3 Rab8 20. Na4 Nc6 21. Rac1 Qd7 22. Nb4 Nxb4 23. Qxb4 d4 24. Nb6 Qc6 25. f3 h6 26. Bh4 g5 27. Bg3 Nh5 28. Bh2 Bc8 29. Qa4 0-1

[Event "Escuela Valenciana Cerrado 7th"]
[Site "Manises"]
[Date "2002.??.??"]
[Round "8"]
[White "Galvan Huaraca, Jesus"]
[Black "Tello Nunez, Alejandro"]
[Result "1-0"]
[WhiteElo "2169"]
[BlackElo "2134"]
[PlyCount "105"]
[EventDate "2002.01.02"]
[EventType "tourn"]
[EventRounds "9"]
[EventCountry "ESP"]
[SourceTitle "CBM 086 Extra"]
[Source "ChessBase"]
[SourceDate "2002.03.14"]
[SourceVersion "1"]
[SourceVersionDate "2002.03.14"]
[SourceQuality "1"]

1. d4 Nf6 2. c4 c5 3. d5 b5 4. cxb5 a6 5. b6 g6 6. Nc3 d6 7. a4 a5 8. e4 Bg7 9. Nf3 0-0 10. Be2 Nbd7 11. 0-0 Nxb6 12. h3 e6 13. dxe6 Bxe6 14. Be3 Re8 15. Bb5 Re7 16. e5 Nfd5 17. Bg5 f6 18. Nxd5 Nxd5 19. Bc6 dxe5 20. Bxa8 Qxa8 21. Be3 e4 22. Nd2 Nxe3 23. fxe3 Qd5 24. Qe2 Rb7 25. b3 f5 26. Rab1 Qd3 27. Qxd3 exd3 28. Kf2 Bc3 29. Nc4 Bxc4 30. bxc4 Bb4 31. Rb3 d2 32. Rd3 Re7 33. Ke2 Kf7 34. g4 Re4 35. Rf4 Kf6 36. Rxe4 fxe4 37. Rd5 h6 38. Kd1 g5 39. Rd6+ Kg7 40. Re6 Bc3 41. Rxe4 Kf6 42. Re8 Kf7 43. Rc8 Bb4 44. Rc6 Kg7 45. e4 Kh7 46. Rf6 Bc3 47. Rf5 Kg6 48. e5 h5 49. e6 Bf6 50. Rxc5 hxg4 51. hxg4 Bd8 52. Rf5 Be7 53. Kxd2 1-0

[Event "Benidorm op U2300 02nd"]
[Site "Benidorm"]
[Date "2002.??.??"]
[Round "4.11"]
[White "Tello Nunez, Alejandro"]
[Black "Ferron Garcia, Carlos"]
[Result "0-1"]
[WhiteElo "2182"]
[BlackElo "2283"]
[PlyCount "94"]
[EventDate "2002.11.22"]
[EventType "swiss"]
[EventRounds "9"]
[EventCountry "ESP"]
[SourceTitle "CBM 091 Extra"]
[Source "ChessBase"]
[SourceDate "2003.01.09"]
[SourceVersion "1"]
[SourceVersionDate "2003.01.09"]
[SourceQuality "1"]

1. e4 e5 2. Nf3 Nc6 3. d4 exd4 4. Nxd4 Bc5 5. Nxc6 Qf6 6. Qd2 dxc6 7. Nc3 Bd4 8. Bd3 Be6 9. 0-0 0-0-0 10. Kh1 Bxc3 11. Qxc3 Qxc3 12. bxc3 Ne7 13. Ba3 Rhe8 14. f4 Ng8 15. Rae1 b5 16. Bc5 f6 17. a4 a6 18. h3 Nh6 19. g4 Nf7 20. Kg2 Nd6 21. Kg3 Bg8 22. Bd4 Nb7 23. e5 c5 24. Bg1 fxe5 25. Rxe5 Rxe5 26. fxe5 c6 27. Be3 Re8 28. Bf5+ Kc7 29. g5 Kb6 30. Bf4 g6 31. Bg4 Be6 32. Rb1 Bxg4 33. hxg4 Na5 34. axb5 cxb5 35. Rh1 Re7 36. Kf3 Nc4 37. Ke4 Kc6 38. Rd1 a5 39. Rd8 a4 40. Rd1 a3 41. Rb1 Rxe5+ 42. Bxe5 Nd2+ 43. Kd3 Nxb1 44. c4 b4 45. Ba1 Kd6 46. Bf6 Nc3 47. Bxc3 bxc3 0-1